000 00482nam a2200157 4500
001 132140
003 ES-MaACL
005 20230906194119.0
007 t|
008 070214s1967 sp r ||||1| spa d
100 1 _aRodríguez Sopeña, Dolores.
_998830
245 1 4 _aUna vida, un ideal, una obra /
_cDolores Rodríguez Sopeña.
260 _a[S. l.] :
_b[s. n.],
_c1967 (
_eVitoria :
_fH. Fournier)
300 _a80 p., 26 lám. ;
_c21 cm.
852 _aES-MaACL
_jC-32058
_bR.62527
999 _c132140
_d132140